000 00613cam a22002293a 4500
001 31154
003 PGUSA
005 20140828083656.0
008 100201s2010||||xxu|||||s|||||000 1 eng d
040 _aPGUSA
_beng
042 _adc
050 4 _aPQ
100 1 _aBazin, René,
_d1853-1932
245 1 0 _aLe Blé qui lève
_h[electronic resource] /
_cRené Bazin
260 _bProject Gutenberg,
_c2010
506 _aPublic domain in the USA.
516 _aElectronic text
653 _aFrench fiction
830 0 _aProject Gutenberg
_v31154
856 4 0 _uhttp://www.gutenberg.org/ebooks/31154
942 _cEB
999 _c260409
_d260409